Géographie du monde sur une carte par lettre - C - Statistiques

Statistiques générales
  • Ce quiz a été pris 273 fois
  • Le résultat moyen est 18 sur 25
Réponses sur la Carte
Les réponses sont colorées sur une échelle allant du rouge au vert en fonction du pourcentage des utilisateurs qui les ont devinées à leur premier essai. Vous pouvez retrouver ces pourcentages ci-dessous.
 
Statistiques - réponses
Type de quiz Réponse % Correct
Pays Chili
95%
Pays Cambodge
90%
Pays Chypre
90%
Régions Péninsule de {Corée}
90%
Étendues d'eau Mer des {Caraïbes}
88%
Pays Cameroun
87%
Pays Cuba
86%
Villes Canberra
85%
Villes Copenhague
85%
Villes Casablanca
83%
Villes Chicago
82%
Fleuves Congo
78%
Étendues d'eau Mer {Caspienne}
78%
Villes Caracas
77%
Archipels Canaries
70%
Régions Crimée
70%
Île Crète
67%
Fleuves Colorado
62%
Montagnes Caucase
60%
Régions Corne de l'Afrique
60%
Montagnes Carpates
52%
Étendues d'eau Mer de {Corail}
50%
Régions Colombie-Britannique
35%
Île Célèbes
24%
Montagnes Chaîne des {Cascades}
12%
Aucun quiz correspondant
Distribution des résultats
% des personnes avec chaque résultat
Percentile par nombre de réponses
Votre historique - résultats
Vous n’avez pas pris ce quiz